Freedom from disease : (Record no. 28934)
[ view plain ]
| 000 -LEADER | |
|---|---|
| fixed length control field | 01061nam a22001937a 4500 |
| 003 - CONTROL NUMBER IDENTIFIER | |
| control field | CUTN |
| 005 - DATE AND TIME OF LATEST TRANSACTION | |
| control field | 20190614123835.0 |
| 008 - FIXED-LENGTH DATA ELEMENTS--GENERAL INFORMATION | |
| fixed length control field | 190614b ||||| |||| 00| 0 eng d |
| 020 ## - INTERNATIONAL STANDARD BOOK NUMBER | |
| International Standard Book Number | 9781895958003 |
| 020 ## - INTERNATIONAL STANDARD BOOK NUMBER | |
| International Standard Book Number | 1895958008 |
| 041 ## - LANGUAGE CODE | |
| Language | English |
| 082 ## - DEWEY DECIMAL CLASSIFICATION NUMBER | |
| Classification number | 616.071 |
| Item number | SHA |
| 100 ## - MAIN ENTRY--PERSONAL NAME | |
| Personal name | Sharma, Hari: |
| 240 ## - UNIFORM TITLE | |
| Uniform title | <a href=" Freedom from disease : "> Freedom from disease : </a> |
| 245 ## - TITLE STATEMENT | |
| Title | Freedom from disease : |
| Remainder of title | how to control free radicals, a major cause of aging and disease/ |
| Statement of responsibility, etc | Hari Sharma. |
| 260 ## - PUBLICATION, DISTRIBUTION, ETC. (IMPRINT) | |
| Place of publication, distribution, etc | Canada |
| Name of publisher, distributor, etc | Veda Publishing, Inc. |
| Date of publication, distribution, etc | 1993 |
| 505 ## - FORMATTED CONTENTS NOTE | |
| Contents | Introduction: The Dual Discovery |
| Title | Part One: The Free Radical Paradigm<br/>1. The Health Care Solution |
| -- | 2. How Free Radicals Are Created |
| -- | 3.Free Radicals, Aging, and Disease |
| -- | Part Two: Winning the Battle<br/>4. The Body's Defenses |
| -- | 5. The Natural Solution to Free Radicals |
| -- | 6. Stopping Free Radicals Before They Start |
| -- | Part Three: The Consciousness Paradigm<br/>7. Living in Tune with Nature's Intelligence |
| -- | 8. From Mind to Body |
| -- | 9.The Twenty Approaches of Maharishi Ayur-Ved |
| -- | Conclusion: Toward a Disease-Free Society |
| 942 ## - ADDED ENTRY ELEMENTS (KOHA) | |
| Source of classification or shelving scheme | Dewey Decimal Classification |
| Koha item type | General Books |
| Withdrawn status | Lost status | Source of classification or shelving scheme | Damaged status | Not for loan | Home library | Location | Date of Cataloging | Source of acquisition | Total Checkouts | Full call number | Barcode | Date last seen | Price effective from | Koha item type | Public note |
|---|---|---|---|---|---|---|---|---|---|---|---|---|---|---|---|
| Dewey Decimal Classification | CUTN Central Library | CUTN Central Library | 14/06/2019 | Rotary Club, Thiruvarur | 616.071 SHA | 28970 | 04/02/2020 | 14/06/2019 | General Books | Gifted / Donated Books |
